| 000 | 00450nam a2200145Ia 4500 | ||
|---|---|---|---|
| 008 | 220214s9999 xx 000 0 und d | ||
| 022 | _a0008-4018 | ||
| 245 | 0 | _aCANADIAN JOURNAL OF BIOCHEMISTRY | |
| 246 | _aCanadian Journal of Biochemistry and Cell Biology | ||
| 260 |
_bNational Research Council of Canada, Ottawa _aCanada |
||
| 310 | _aM | ||
| 500 | _aEnding Volume & Year: 60, 1982 | ||
| 500 | _aStarting Volume & Year: 56, 1978 | ||
| 942 | _cBJ | ||
| 999 |
_c11609 _d11609 |
||